banner koha

Thomas Edison / (Registro n. 7451)

MARC details
000 -LÍDER
campo de controle de tamanho fixo 01578nam a2200229 a 4500
001 - NÚMERO DE CONTROLE
campo de controle BS0002392
003 - IDENTIFICADOR DO NÚMERO DE CONTROLE
campo de controle BR-BrBNA
005 - DATA E HORÁRIO DA ÚLTIMA TRANSAÇÃO
campo de controle 20230418192022.0
008 - CAMPO DE DADOS FIXOS--INFORMAÇÃO GERAL
campo de controle de tamanho fixo 230308b |||||||| |||| 00| 0 por d
040 ## - FONTE DA CATALOGAÇÃO
Instituição da catalogação original BR-BrBNA
Idioma da catalogação por
Instituição que transcreveu o registro Biblioteca Nacional de Agricultura
041 ## - CÓDIGO DE IDIOMA
Código do idioma do texto/trilha sonora ou título diferente por
072 ## - CÓDIGO DE CATEGORIA DE ASSUNTO
Código de Categoria de Assunto B60
090 ## - NÚMERO DE CHAMADA LOCAL
Número de chamada B60 BS0002392
100 1# - ENTRADA PRINCIPAL--NOME PESSOAL
Nome pessoal Sproule, A.
245 1# - TÍTULO
Título Thomas Edison /
260 3# - PUBLICAÇÃO, DISTRIBUIÇÃO, ETC.
Local de publicação, distribuição, etc. Santiago, Ch:
Nome do editor, distribuidor, etc. Globo,
Data da publicação, distribuição, etc. 1993.
300 ## - DESCRIÇÃO FÍSICA
Extensão 64 p.
520 3# - NOTA DE RESUMO, ETC
Resumo, etc. É muito difícil, hoje em dia, imaginar nossa vida sem a energia elétrica. Como ouvir um disco, ver televisão, ir ao cinema ou simplesmente acender uma lâmpada? Pois todas essas facilidades, para as quais só damos atenção quando cai o abastecimento de energia, são o resultado da engenhosidade prática de um homem - Thomas Alva Edison. Antes dele, as ruas, as residências e as fábricas tinham que ser parcamente iluminadas pelo trabalho manual de se acender um a uma das luninárias alimentadas a gás. Qualquer atividade industrial era impraticável quando caía a noite. Edison não descobriu a eletricidade ou o telefone. Mas sua inventividade prática fez seu uso expandir-se por todos os lugares do mundo. Provavelmente, foi o maior inventor que o mundo já viu e legou-nos os princípios tecnológicos do mundo moderno. Esta história fascinante acompanha passo a passo a vida desse incansável inventor, documentando as ideias e criações que nos arrancaram da era do vapor e nos lançaram direto no século 20.
650 ## - ASSUNTO--TERMO TÓPICO
Cabeçalho tópico ou nome geográfico BIOGRAFIA
909 ## -
-- 202304
-- Sergio Santos
-- 56
-- Sergio Santos
942 ## - ELEMENTOS DE ENTRADA ADICIONADOS (KOHA)
Tipo de material Koha Livros
Exemplares
Situação do descarte Fonte da classificação ou esquema de arquivamento na estante Situação física Não pode ser emprestado Coleção Biblioteca de origem Biblioteca atual Total de empréstimos Número de telefone completo Código de barras Data de último acesso Número do exemplar Tipo de material Koha Situação das perdas Data de aquisição Fonte de aquisição Qualificador de local codificado Custo, preço normal de compra Número do inventário Custo, preço de reposição Preço efetivo de
  Classificação AGRIS     Acervo Cultural Espaço Ceres - QVT/MAPA Espaço Ceres - QVT/MAPA   B60 BS0002392 2023-436791 12/04/2023 01 Livros   2023-04-04 Doação B60        

BINAGRI

Telefone: (61)3218-2567/2388/3357/2097 - binagri@agro.gov.br

Ministério da Agricultura e Pecuária , Esplanada dos Ministérios, Bloco D, Anexo B, Brasília/DF, CEP: 70.043-900